| 000 | 00969nam a22002657a 4500 | ||
|---|---|---|---|
| 999 |
_c64620 _d64620 |
||
| 005 | 20240530110741.0 | ||
| 008 | 180925s2017 ua afhkg b 000 0 ara d | ||
| 017 |
_a2016/10051 _bمصر. دار الكتب |
||
| 020 | _a9789777354721 | ||
| 040 |
_aEG-CaGPL _cEG-CaGPL |
||
| 082 | 0 | 4 |
_221 _a746.79 / _bح س |
| 100 | 0 | _aحسن محمد نور عبدالنور | |
| 245 | 1 | 2 |
_aالسجاد التركمانى / _cحسن محمد نور عبدالنور |
| 250 | _aط.1 | ||
| 260 |
_aالاسكندرية : _bدار الوفاء لدنيا الطباعة و النشر ، _c2017. |
||
| 300 |
_a420 ص. : _bايض ؛ _c24 سم. |
||
| 490 | 0 | _aاثار. | |
| 504 | _aيشتمل على ارجاعات ببليوجرافية | ||
| 650 | 0 | 7 |
_2qrmak _aالسجاجيد |
| 650 | 0 | 7 |
_2qrmak _aالسجاجيد الايرانية |
| 650 | 0 | 7 |
_2qrmak _aالسجاجيد اليدوية |
| 651 | _2qrmak | ||
| 942 |
_2ddc _cBK |
||